| 000 | 01180nam a22003497a 4500 | ||
|---|---|---|---|
| 001 | 0260 | ||
| 003 | DO-SdBPM | ||
| 005 | 20251106084836.0 | ||
| 007 | ta | ||
| 008 | 151022b2002 sp |||| 00| 0 spa d | ||
| 020 | _a8434891719 | ||
| 040 |
_aDO-SdBPM _bspa _cBPMSU _erda |
||
| 041 | 1 | 7 |
_aspa _heng |
| 082 | 4 |
_a843.91 _bB416d 2002 _222 |
|
| 100 | 1 |
_aBegag, Azouz, _d1957- _eauror |
|
| 240 | 1 |
_a Le temps des villages / La force du berger. _lFrancés |
|
| 245 | 1 | 0 |
_aDe una a otra orilla / _cAzouz Begag ; traducción de Rafael Chaćon ; ilustraciones, Miguel Navia. |
| 264 |
_aMadrid : _bEditora SM, _c2002 |
||
| 300 |
_a93 páginas _bilustraciones, _c19 cm. |
||
| 336 |
_atexto _btxt _2rdacontent |
||
| 337 |
_asin mediación _bn _2rdamedia |
||
| 338 |
_avolumen _bnc _2rdacarrier |
||
| 490 | 0 |
_aEl barco de vapor, _v152 |
|
| 505 | 0 |
_aLa Época de las aldeas -- _tLa fuerza del pastor. |
|
| 590 | _aInventariado, 2025/VM | ||
| 650 | 7 | _aNovela juvenil francesa | |
| 650 | 7 | _aLiteratura juvenil francesa | |
| 700 | 1 |
_aRafael Chaćon _etraductor |
|
| 700 | 1 |
_aNavia, Miguel, _eilustración |
|
| 910 | _aVMateo V. Control de calidad. BPMSU | ||
| 942 |
_2ddc _cBK |
||
| 999 |
_c8434 _d8434 |
||